Quick Pick: 'F' Beverages Quiz Stats

 Plays Quiz Updated Jul 24, 2018

Score 0/12 Timer 01:00
2 Plays Today
% Correct
Fanta
97.7%
Frappuccino
97.1%
Foster's
94.4%
Fireball
89.4%
Fresca
89.1%
Fuzzy Navel
87%
Five Alive
75.4%
Fat Tire
68.1%
Frangelico
66.9%
Finlandia
54.3%
Faygo
51.9%
Friar Tuck
40.6%

Today's Daily Dose

You're not logged in!

Compare scores with friends on all Sporcle quizzes.
OR
Log In

Show Comments

Extras

Top Quizzes Today


Score Distribution

Your Account Isn't Verified!

In order to create a playlist on Sporcle, you need to verify the email address you used during registration. Go to your Sporcle Settings to finish the process.

Report this User

Report this user for behavior that violates our Community Guidelines.

Details: